| 000 | 00921cam a2200241 4500 | ||
|---|---|---|---|
| 001 | sa 68017494 | ||
| 003 | DLC | ||
| 005 | 20260227112703.0 | ||
| 008 | 711008s1967 ii b 000 0 eng | ||
| 010 | _asa 68017494 | ||
| 025 | _aPL480:I-E-10820 | ||
| 040 |
_aDLC _cDLC _dDLC |
||
| 043 | _aa-ii--- | ||
| 050 | 0 | 0 |
_aHN39.I4 _bH62 |
| 100 | 1 |
_aHoffman, Bengt Runo, _d1913- |
|
| 245 | 1 | 0 |
_aChristian social thought in India, 1947-1962 : _ban evaluation / _cby Bengt R. Hoffman. |
| 260 |
_aBangalore : _bChristian Institute for the Study of Religion and Society, _c1967. |
||
| 300 |
_a224 p. ; _c19 cm. |
||
| 440 | 0 |
_aSocial concerns series ; _vno. 14 |
|
| 500 | _aRevision and abridgement of the author's thesis (doctoral--Yale University, 1963) under the title: Indian Protestant and Orthodox scoail ethics, 1947-1962. | ||
| 504 | _aIncludes bibliographical references. | ||
| 650 | 0 |
_aChurch and social problems _zIndia. |
|
| 999 |
_c87752 _d87752 |
||